| 000 | 00427 a2200133 4500 | ||
|---|---|---|---|
| 999 |
_c9710 _d9710 |
||
| 050 | _aKTZ2.2ZIM1993 | ||
| 100 |
_aAP de Bourbon, S.C _eeditor |
||
| 245 |
_aThe Zimbabwe law reports 1993 _bpart 1 / _cedited by AP de Bourbon SC, G Feltoe and J Reid Rowland |
||
| 264 |
_aHarare _bLegal Resource Foundation _c1993 |
||
| 300 | _a296p. | ||
| 500 | _aLaw | ||
| 650 | _aLaw---law reports---Zimbabwe | ||
| 942 |
_2lcc _cSERIALS _h2.2 _iZIM _kKTZ |
||